| 000 -LEADER |
| fixed length control field |
02121cpc a2200553Ka 4500 |
| 020 ## - INTERNATIONAL STANDARD BOOK NUMBER |
| ISBN |
0030543495 |
| 020 ## - INTERNATIONAL STANDARD BOOK NUMBER |
| ISBN |
9780030543494 |
| 020 ## - INTERNATIONAL STANDARD BOOK NUMBER |
| ISBN |
0030555787 (Annotated teacher's edition) |
| 020 ## - INTERNATIONAL STANDARD BOOK NUMBER |
| ISBN |
9780030555787 (Annotated teacher's edition) |
| 020 ## - INTERNATIONAL STANDARD BOOK NUMBER |
| ISBN |
0030555795 (Laboratory experiments) |
| 020 ## - INTERNATIONAL STANDARD BOOK NUMBER |
| ISBN |
9780030555794 (Laboratory experiments) |
| 020 ## - INTERNATIONAL STANDARD BOOK NUMBER |
| ISBN |
0030555825 (Laboratory experiments, teacher's edition) |
| 020 ## - INTERNATIONAL STANDARD BOOK NUMBER |
| ISBN |
9780030555824 (Laboratory experiments, teacher's edition) |
| 020 ## - INTERNATIONAL STANDARD BOOK NUMBER |
| ISBN |
0030555833 (Study guide) |
| 020 ## - INTERNATIONAL STANDARD BOOK NUMBER |
| ISBN |
9780030555831 (Study guide) |
| 020 ## - INTERNATIONAL STANDARD BOOK NUMBER |
| ISBN |
0030555841 (Datasheets) |
| 020 ## - INTERNATIONAL STANDARD BOOK NUMBER |
| ISBN |
9780030555848 (Datasheets) |
| 020 ## - INTERNATIONAL STANDARD BOOK NUMBER |
| ISBN |
0030555876 (Test generator: assessment item listing) |
| 020 ## - INTERNATIONAL STANDARD BOOK NUMBER |
| ISBN |
9780030555879 (Test generator: assessment item listing) |
| 020 ## - INTERNATIONAL STANDARD BOOK NUMBER |
| ISBN |
0030555930 (Answer keys) |
| 020 ## - INTERNATIONAL STANDARD BOOK NUMBER |
| ISBN |
9780030555930 (Answer keys) |
| 020 ## - INTERNATIONAL STANDARD BOOK NUMBER |
| ISBN |
0030555981 (Integration enrichment resources) |
| 020 ## - INTERNATIONAL STANDARD BOOK NUMBER |
| ISBN |
9780030555985 (Integration enrichment resources) |
| 020 ## - INTERNATIONAL STANDARD BOOK NUMBER |
| ISBN |
003055599X (Chapter tests with answer keys) |
| 020 ## - INTERNATIONAL STANDARD BOOK NUMBER |
| ISBN |
9780030555992 (Chapter tests with answer keys) |
| 020 ## - INTERNATIONAL STANDARD BOOK NUMBER |
| ISBN |
0030556074 (Teaching transparencies and transparency masters) |
| 020 ## - INTERNATIONAL STANDARD BOOK NUMBER |
| ISBN |
9780030556074 (Teaching transparencies and transparency masters) |
| 020 ## - INTERNATIONAL STANDARD BOOK NUMBER |
| ISBN |
003055604X (Math skills worksheets) |
| 020 ## - INTERNATIONAL STANDARD BOOK NUMBER |
| ISBN |
9780030556043 (Math skills worksheets) |
| 020 ## - INTERNATIONAL STANDARD BOOK NUMBER |
| ISBN |
0030556082 (Basic skills worksheets) |
| 020 ## - INTERNATIONAL STANDARD BOOK NUMBER |
| ISBN |
9780030556081 (Basic skills worksheets) |
| 040 ## - CATALOGING SOURCE |
| Transcribing agency |
USG |
| 082 ## - DEWEY DECIMAL CLASSIFICATION NUMBER |
| Classification number |
111 HOL 2001 C289 Or. |
| 100 1# - MAIN ENTRY--AUTHOR NAME |
| Personal name |
Dobson, Ken |
| 245 10 - TITLE STATEMENT |
| Title |
Holt science spectrum |
| Remainder of title |
a physical approach / |
| 246 30 - VARYING FORM OF TITLE |
| Title proper/short title |
Science spectrum |
| 260 ## - PUBLICATION, DISTRIBUTION, ETC. (IMPRINT) |
| Place of publication |
Austin [Tex.] : |
| Name of publisher |
Holt, Rinehart and Winston, |
| Year of publication |
c2001 |
| 300 ## - PHYSICAL DESCRIPTION |
| Number of Pages |
[59], 728 p. : |
| Other physical details |
col. ill. ; |
| Dimensions |
29 cm. + |
| Accompanying material |
11 teacher resources |
| 650 #0 - SUBJECT ADDED ENTRY--TOPICAL TERM |
| Topical Term |
Physics |
| 650 #0 - SUBJECT ADDED ENTRY--TOPICAL TERM |
| Topical Term |
Mathematics |
| 650 #0 - SUBJECT ADDED ENTRY--TOPICAL TERM |
| Topical Term |
Chemistry |
| 650 #0 - SUBJECT ADDED ENTRY--TOPICAL TERM |
| Topical Term |
Earth sciences |
| 650 #0 - SUBJECT ADDED ENTRY--TOPICAL TERM |
| Topical Term |
Space sciences |
| 650 #0 - SUBJECT ADDED ENTRY--TOPICAL TERM |
| Topical Term |
Science |
| 700 1# - ADDED ENTRY--PERSONAL NAME |
| Personal name |
Roberts, Michael |
| 700 1# - ADDED ENTRY--PERSONAL NAME |
| Personal name |
Holman, John |
| 710 2# - ADDED ENTRY--CORPORATE NAME |
| Corporate name or jurisdiction name as entry element |
Holt, Rinehart, and Winston, inc |
| 942 ## - ADDED ENTRY ELEMENTS (KOHA) |
| Koha item type |
ADB |
| 952 ## - LOCATION AND ITEM INFORMATION (KOHA) |
| Withdrawn status [LOCAL, KOHA] |
0 |